Statistics for Rulers of Russia, 862-2019

Click here to take the quiz!

General Stats

  • This quiz has been taken 132 times
  • The average score is 37 of 79

Answer Stats

Titles of leadersRulers% Correct
PresidentsVladimir Putin
97%
EmperorsPeter III
95%
CzarsPeter I (the Great)
95%
Soviet LeadersVladimir Lenin
95%
EmperorsCatherine II (the Great)
94%
Grand Dukes of MoscowIvan III
94%
Grand Dukes of MoscowIvan IV
94%
CzarsIvan IV
94%
CzarsIvan V
94%
EmperorsIvan VI
94%
Soviet LeadersJoseph Stalin
94%
EmperorsPeter II
94%
EmperorsPeter I (the Great)
94%
EmperorsNikolai I
92%
EmperorsNikolai II
92%
Soviet LeadersMikhail Gorbachev
91%
EmperorsAlexander I
90%
EmperorsAlexander II
90%
EmperorsAlexander III
90%
PresidentsBoris Yeltsin
88%
Soviet LeadersNikita Khrushchev
83%
Soviet LeadersLeonid Brezhnev
77%
PresidentsDmitry Medvedev
75%
Grand Princes of KievVladimir I
72%
Grand Princes of KievVladimir II
72%
CzarsMikhail I
65%
CzarsBoris Godunov
61%
Soviet LeadersYuri Andropov
61%
CzarsDmitriy I
59%
Grand Dukes of MoscowDmitry Shemyaka
59%
EmperorsPaul I
59%
EmperorsAnna
55%
Soviet LeadersKonstantin Chernenko
54%
Princes of NovgorodRurik I
54%
CzarsFeodor I
45%
CzarsFeodor II
45%
CzarsFeodor III
45%
Princes of NovgorodOleg of Novgorod
44%
Grand Princes of KievOleg (of Novgorod)
44%
CzarsAlexis I
41%
EmperorsCatherine I
41%
Grand Princes of KievYaroslav I
40%
Soviet LeadersGeorgy Malenkov
38%
Grand Princes of KievOlga
35%
Grand Dukes of MoscowVasily III
35%
CzarsVasily IV
35%
Grand Dukes of MoscowYury of Zvenigorod
33%
Grand Princes of KievIgor I
32%
Grand Princes of KievIgor II
32%
Grand Princes of KievYuri I
31%
CzarsVladislav I
26%
EmperorsElisabeth
25%
CzarsSophia Aleksejevna
25%
Grand Princes of KievSviatoslav II
19%
Grand Princes of KievYaropolk I
18%
Grand Princes of KievYaropolk II
18%
Grand Dukes of MoscowIvan I
17%
Grand Dukes of MoscowIvan II
16%
Grand Princes of KievVsevolod I
13%
Grand Princes of KievVsevolod II
13%
Grand Princes of KievAskold & Dir
12%
Grand Princes of KievMstislav I
12%
Grand Princes of KievSviatopolk II
12%
Grand Princes of KievSviatopolk I
11%
Grand Princes of KievSviatoslav I
11%
Grand Princes of KievIziaslav II
10%
Grand Princes of KievIziaslav III
10%
Grand Princes of KievRostislav I
9%
Grand Dukes of MoscowDaniel
8%
Grand Dukes of MoscowSimeon of Moscow
8%
Grand Dukes of MoscowVasily I
8%
Grand Dukes of MoscowVasily II
8%
Grand Princes of KievIziaslav I
6%
Grand Princes of KievViacheslav I
6%
Grand Princes of KievVseslav
5%
Grand Princes of KievVladimir III
3%
Grand Princes of KievMstislav II
2%
Grand Dukes of MoscowVasily Kosoy
2%
Grand Dukes of MoscowYury of Moscow
2%

Score Distribution

Percentile by Number Answered

Percent of People with Each Score

Your Score History

You have not taken this quiz